Name the NCAA Football Team by field color - Statistics

General Stats
  • This quiz has been taken 24 times
  • The average score is 3 of 13
Answer Stats
Stadium Team City NCAA Division Conference Turf Color Installed % Correct
Albertsons Stadium Boise State Broncos Boise, Idaho NCAA Division I FBS Mountain West Conference Blue 1986
100%
Brooks Stadium Coastal Carolina Chanticleers Conway, South Carolina NCAA Division I FBS Sun Belt Conference Teal 2015
63%
Rynearson Stadium Eastern Michigan Eagles Ypsilanti, Michigan NCAA Division I FBS Mid-American Conference Gray 2014
38%
Roos Field Eastern Washington Eagles Cheney, Washington NCAA Division I FCS Big Sky Conference Red 2010
25%
Estes Stadium Central Arkansas Bears Conway, Arkansas NCAA Division I FCS United Athletic Conference Purple and gray alternating every five yards 2011
21%
Ralph F. DellaCamera Stadium New Haven Chargers West Haven, Connecticut NCAA Division I FCS Northeast Conference Blue 2009
17%
Drake Field Morrisville Mustangs Morrisville, New York NCAA Division III Empire 8 Black 2023
13%
Carlson Stadium Luther Norse Decorah, Iowa NCAA Division III American Rivers Conference Blue 2017
8%
Don Drumm Stadium Marietta Pioneers Marietta, Ohio NCAA Division III Ohio Athletic Conference Two shades of gray alternating every five yards 2018
8%
Blue Storm Stadium University of New England Nor'Easters Biddeford, Maine NCAA Division III Conference of New England Blue 2018
4%
CAU Panther Stadium Clark Atlanta Panthers Atlanta, Georgia NCAA Division II Southern Intercollegiate Athletic Conference Red 2024
0%
Walter M. Katz Field Curry Colonels Milton, Massachusetts NCAA Division III Conference of New England Purple 2026
0%
Alumni Memorial Stadium Livingstone Blue Bears Salisbury, North Carolina NCAA Division II Central Intercollegiate Athletic Association Light blue 2022
0%
No matching quizzes found
Score Distribution
Percent of People with Each Score
Percentile by Number Answered
Your Score History
You have not taken this quiz